000 00602nam a22002297a 4500
003 OSt
005 20251007141156.0
008 220426b ||||| |||| 00| 0 eng d
020 _a9780134036230
020 _a0134036230
040 _cDDC
082 _a658.7 HUG 2019
100 _aHugos, Michael
_916017
245 _aEssentials of Supply Chain Management
250 _aIner ed.
260 _aUSA;
_bPearson,
_c2019
300 _axv,488p.
_bIll:
_c24CM
504 _aBibliograph, & index included
650 _asupply chain
_916018
650 _aSupply management
_97182
942 _2ddc
_cO_SHELF
999 _c7883
_d7883